European aids directory /

Uloženo v:
Podrobná bibliografie
Hlavní autor: Cooper, Brian (Autor)
Médium: Kniha
Jazyk:angličtina
Vydáno: London : NAM Publications, c1996
Vydání:3. ed
Tagy: Přidat tag
Žádné tagy, Buďte první, kdo vytvoří štítek k tomuto záznamu!

MARC

LEADER 00000nam a22000007i 4500
001 IT\ICCU\UBO\3618826
003 ItRI
005 20260115231837.0
008 090421s1996 xxk|||||| ||||| |||||c
020 |a 1898397953 
040 |b ita  |c importazione bologna sebina 
041 7 |a eng  |2 ISO-639-2 
245 0 0 |a European aids directory /  |c editor: Brian Cooper. 
246 1 1 |a Europaisches AIDS Handbuch  |9 IT\ICCU\RMC\0014617 
246 1 1 |a Guia europea del SIDA  |9 IT\ICCU\RMC\0014618 
246 1 1 |a Guida europea per l'AIDS  |9 IT\ICCU\RMC\0014616 
246 1 1 |a Repertoire europeen du SIDA  |9 IT\ICCU\RMC\0014615 
250 |a 3. ed 
260 |a London :  |b NAM Publications,  |c c1996 
300 |a 307 p. ;  |c 30 cm. 
700 1 |a Cooper, Brian  |0 IT\ICCU\UBOV\321644  |4 aut 
942 |2 ddc  |c BK  |n 0 
952 |0 0  |1 0  |4 0  |6 A_616_979000000000000_COO  |7 0  |9 14075  |a BO  |b BO  |d 2026-01-15  |i 3912  |l 0  |o A 616.979 COO  |p BO3912  |r 2026-01-15 23:18:37  |w 2026-01-15  |x [Sebina 7] [1 v.]  |y BK  |z 1 v. 
999 |c 12132  |d 12132